| 000 | nam a22 7a 4500 | ||
|---|---|---|---|
| 999 |
_c328451 _d328451 |
||
| 003 | Nust | ||
| 005 | 20170407115626.0 | ||
| 008 | 170407b xxu||||| |||| 00| 0 eng d | ||
| 020 | _a8176251658 | ||
| 040 | _c0 | ||
| 082 | _a363 KUM | ||
| 100 | _aKumar,P | ||
| 245 |
_aBiological Control Of Environmental Pollution _cP.Kumar |
||
| 260 |
_aNew Delhi _bSARUP & Sons _c2000 |
||
| 300 | _a364 p. | ||
| 500 | _aH.B | ||
| 942 |
_2ddc _cBK _k363 KUM |
||